Lei geral da proteȯ̂ de dados Enfoque nas relaė̳s de trabalho /

Bibliographic Details
Main Author: Carloto, Selma
Format: eBook
Language:Portuguese
Published: San Pablo: LTR, 2020
Subjects:
Online Access:Acceso restringido

MARC

LEADER 00000nam a22000007a 4500
005 20220411212535.0
007 cr|||| ||||
008 220411s2020 br |||||s|||| 00||0 por d
020 |a 978-85-30-0193-0 
035 |a 36069 
040 |a vLex 
090 |c 13151  |d 13151 
100 1 |a Carloto, Selma 
245 1 0 |a Lei geral da proteȯ̂ de dados  |h [Recurso electrn̤ico] :  |b Enfoque nas relaė̳s de trabalho /  |c Selma Carloto 
256 |a Servicio en ln̕ea 
260 |a San Pablo:  |b LTR,  |c 2020 
300 |a 1 recurso electrn̤ico 
500 |a Voc ̊sabia que nossos dispositivos estô nos ouvindo e rastreando tudo que estamos fazendo o tempo todo? Atualmente, o homem j ̀nasce dependente da tecnologia e nossos dados sô compartilhados de forma desenfreada e sem limites. Como podemos proteger os dados dos funcionr̀ios? E dos clientes? Os funcionr̀ios estô constantemente tratando dados pessoais e dados pessoais sensv̕eis de clientes. A proteȯ̂ e os cuidados com os dados pessoais tornou-se uma questô inadiv̀el, e a principal preocupaȯ̂ da legislaȯ̂ brasileira de proteȯ̂ de dados, seguindo a legislaȯ̂ da Uniô Europeia, o Regulamento (UE) 2.016/679 do Parlamento Europeu de 27 de abril de 2016, no qual a Lei Geral de Proteȯ̂ de Dados se inspirou, ̌a devoluȯ̂ do controle dos dados para os seus titulares e, exatamente, proteger os dados das pessoas naturais, com base na boa-f ̌e com respeito ̉privacidade e s̉ liberdades individuais. 
506 1 |a Disponible solo en los productos indicados  |d vLex Global  |d vLex Global (Academic Edition, excluding Law Schools)  |d vLex Global (U.S. Academic Edition, Law Schools)  |d vLex Global (U.S. Academic Edition, excluding Law Schools)  |d vLex Global (Academic Edition, Law Schools) 
650 0 4 |a Derecho Laboral y Seguridad Social  |z Brasil 
740 0 |a vLex Libros (Servicio en ln̕ea) 
856 4 0 |u https://app.vlex.com/#/sources/36069  |z Acceso restringido 
942 |c BOOK 
999 0 |a Labor law and social security